RANCANGAN MALAYSIA KESEBELAS 2016-2020 : (Record no. 612)

000 -LEADER
fixed length control field nam a22 a 4500
003 - CONTROL NUMBER IDENTIFIER
control field AKMAL
005 - DATE AND TIME OF LATEST TRANSACTION
control field 20170504123241.0
008 - FIXED-LENGTH DATA ELEMENTS--GENERAL INFORMATION
fixed length control field 170504s2015 my a e o001 0 may d
020 ## - INTERNATIONAL STANDARD BOOK NUMBER
International Standard Book Number 9789675842078
Qualifying information paperback
040 ## - CATALOGING SOURCE
Original cataloging agency AKMAL
082 04 - DEWEY DECIMAL CLASSIFICATION NUMBER
Classification number 338.9595 RAN
Edition number 23
090 00 - LOCALLY ASSIGNED LC-TYPE CALL NUMBER (OCLC); LOCAL CALL NUMBER (RLIN)
Classification number (OCLC) (R) ; Classification number, CALL (RLIN) (NR) 338.9595
Local cutter number (OCLC) ; Book number/undivided call number, CALL (RLIN) RAN
110 1# - MAIN ENTRY--CORPORATE NAME
Corporate name or jurisdiction name as entry element Malaysia
9 (RLIN) 400
245 00 - TITLE STATEMENT
Title RANCANGAN MALAYSIA KESEBELAS 2016-2020 :
Remainder of title PERTUMBUHAN BERPAKSIKAN RAKYAT /
Statement of responsibility, etc. Prakata Dato' Sri Mohd Najib bin Tun Haji Abdul Razak
264 #1 - PRODUCTION, PUBLICATION, DISTRIBUTION, MANUFACTURE, AND COPYRIGHT NOTICE
Place of production, publication, distribution, manufacture Putrajaya :
Name of producer, publisher, distributor, manufacturer Unit Perancangan Ekonomi, Jabatan Perdana Menteri,
Date of production, publication, distribution, manufacture, or copyright notice 2015
300 ## - PHYSICAL DESCRIPTION
Extent ii, 1 volume (various pagings) :
Other physical details colour illustrations ;
Dimensions 27 cm
500 ## - GENERAL NOTE
General note Also available in English
650 10 - SUBJECT ADDED ENTRY--TOPICAL TERM
Topical term or geographic name entry element Economic forecasting
Geographic subdivision Malaysia
9 (RLIN) 82
650 20 - SUBJECT ADDED ENTRY--TOPICAL TERM
Topical term or geographic name entry element Economic development projects
Geographic subdivision Malaysia
9 (RLIN) 1337
651 #0 - SUBJECT ADDED ENTRY--GEOGRAPHIC NAME
Geographic name Malaysia
General subdivision Economic policy
Chronological subdivision 2016-2020
9 (RLIN) 1338
700 0# - ADDED ENTRY--PERSONAL NAME
Personal name Mohd. Najib Tun Haji Abdul Razak,
Titles and other words associated with a name Dato' Sri,
Dates associated with a name 1953-
Relator term writer of foreword.
9 (RLIN) 528
710 2# - ADDED ENTRY--CORPORATE NAME
Corporate name or jurisdiction name as entry element Jabatan Perdana Menteri.
Subordinate unit Unit Perancang Ekonomi,
Relator term issuing body.
9 (RLIN) 504
942 ## - ADDED ENTRY ELEMENTS (KOHA)
Source of classification or shelving scheme
Koha item type Book
950 ## - LOCAL HOLDINGS (RLIN)
Permanent shelving location, LOC (RLIN) AKMAL
Holdings
Withdrawn status Lost status Source of classification or shelving scheme Damaged status Not for loan Collection code Home library Current library Shelving location Date acquired Inventory number Total Checkouts Full call number Barcode Date last seen Date last checked out Price effective from Koha item type
          NON-FICTION AKMAL Melaka AKMAL Melaka PINJAMAN 04.05.2017 000505 1 338.9595 RAN 201701399 25.07.2017 05.07.2017 04.05.2017 Book
          NON-FICTION AKMAL Melaka AKMAL Melaka PINJAMAN 04.05.2017 000506 3 338.9595 RAN 201707478 10.07.2018 10.07.2018 04.05.2017 Book
Pusat Sumber Maklumat Dato' Haji Sarmin Md Hussin, Akademi Kastam Diraja Malaysia, Melaka
Tel: 06-2331106 | Faks: 06-2313787